000 00735nam a22002177a 4500
003 UA-OsUOA
001 73046
007 ta
008 20110210b un ||||| |||| 00| 0 ukr d
100 _aДригайло С.В.
090 _a02
_bД74
942 _cSA
040 _aUA-OsUOA
_bukr
_cUA-OsUOA
_dUA-OsUOA
245 _aБібліотечно-інформаційні продукти і послуги для користувачів наукових бібліотек
300 _aС.79-87
955 _a0
041 _aukr
080 _a02
773 0 _w73036
_tБібліотекознавство. Документознавство. Інформологія
_d2010
_d4
650 7 _a02 Бібліотечна справа
_2UDC
999 _c359327
_d359327